Analýza trendov v cestovnom ruchu a súvisiacich službách
Gespeichert in:
| 1. Verfasser: | |
|---|---|
| Weitere Verfasser: | , , , , , |
| Format: | Buch |
| Sprache: | Slowakisch |
| Veröffentlicht: |
České Budějovice
Vysoká škola evropských a regionálních studií
2021
|
| Ausgabe: | 1. vydanie |
| Schlagworte: | |
| Tags: |
Keine Tags, Fügen Sie das erste Tag hinzu!
|
MARC
| LEADER | 00000nam a2200000 4500 | ||
|---|---|---|---|
| 001 | 0280503 | ||
| 005 | 20260227074528.4 | ||
| 020 | |a 978-80-7556-090-2 | ||
| 041 | 0 | |a slo | |
| 044 | |a CZ | ||
| 245 | 1 | 0 | |a Analýza trendov v cestovnom ruchu a súvisiacich službách |c Dana Benešová a kolektív |
| 250 | |a 1. vydanie | ||
| 264 | 1 | |a České Budějovice |b Vysoká škola evropských a regionálních studií |c 2021 | |
| 300 | |a 140 s. [7,82 AH] | ||
| 610 | 2 | 0 | |a ruch cestovný |
| 610 | 2 | 0 | |a služby |
| 610 | 2 | 0 | |a analýzy |
| 610 | 2 | 0 | |a dopyt |
| 610 | 2 | 0 | |a produkcia |
| 610 | 2 | 0 | |a produktivita |
| 610 | 2 | 0 | |a obchod medzinárodný |
| 610 | 2 | 0 | |a štatistika ekonomická |
| 100 | 1 | |a Benešová, Dana, 1958- | |
| 700 | 1 | |a Kubičková, Viera, 1970- | |
| 700 | 1 | |a Šoltés, Erik, 1974- | |
| 700 | 1 | |a Čukanová, Miroslava, 1984- | |
| 700 | 1 | |a Gáll, Jozef, 1991- | |
| 700 | 1 | |a Hurbánková, Ľubica, 1980- | |
| 700 | 1 | |a Košíková, Martina, 1997- | |